000 00376nam a22001337a 4500
999 _c13691
_d13691
082 _a954.90
_b م ب ا
100 _aمبارک علی، ڈاکٹر
245 _aجاگیرداری
250 _aاضافہ شدہ ایڈیشن
260 _aفکشن ہاؤس
_bلاہور
_c١٩٩٦
300 _a٢٦٠ صفحات
650 _aJageer dari , Mubarak Ali
942 _cBK